| 000 | 01302nam0a22002531 4500 | ||
|---|---|---|---|
| 001 | rc\536637 | ||
| 005 | 20260407082319.0 | ||
| 035 | _a(NLR Aleph) 005774115 | ||
| 090 |
_a5061287 _c5061287 |
||
| 100 | _a20030616d1988 |||y0rusy50 ca | ||
| 101 | 0 | _arus | |
| 102 | _aRU | ||
| 105 | _ay ||||||||| | ||
| 200 | 1 |
_aТруды профессорско-преподавательского состава и научных сотрудников Таджикского государственного университета им. В.И. Ленина _e(Экон. науки) _eБиблиогр. указ. за 1968-1978 гг. _f... Науч. б-ка, Каф. политэкономии экон. фак. _g[Сост. Бурханова Е.И., Исоматов Б.И.] |
|
| 210 |
_aДушанбе _cТГУ _d1988 |
||
| 215 |
_a151 с. _d20 |
||
| 702 | 1 |
_aБурханова _bЕ.И. _4220 |
|
| 710 | 0 | 2 |
_aТаджикский университет им. В. И. Ленина _cДушанбе _3RU\NLR\AUTH\888198 _9288740 |
| 712 | 0 | 2 |
_aТаджикский университет им. В. И. Ленина _cДушанбе _bНаучная библиотека _3RU\NLR\AUTH\889944647 _9384483 |
| 801 | 0 |
_aRU _bNLR _gpsbo |
|
| 801 | 1 |
_aRU _bELAR _2rusmarc |
|
| 852 |
_aNLR _bС _jК-1/4248 |
||
| 942 | _cBOOK | ||
| 980 | _aNB | ||